Tom Cruise Movies - Sudden Death - Statistics

General Stats
  • This quiz has been taken 46,771 times
    44,028 since last reset
  • The average score is 11 of 22
Answers on the Grid
Answers color-coded by a green-red scale on the quiz's grid according to % correct below.
2012
A Few Good Men
Big Trouble in Little China
Born on the Fourth of July
Cocktail
Collateral
Days of Thunder
Dazed and Confused
Edge of Tomorrow
Eyes Wide Shut
Fire Down Below
Hercules
Independence Day
Internal Affairs
Interview with the Vampire
Jack Reacher
Jerry Maguire
Knight and Day
Magnolia
Minority Report
Mission: Impossible
Operation Dynamo
Rain Man
Risky Business
The Color of Money
The Crucible
The Firm
The Last Samurai
The Pelican Brief
Thin Red Line
Top Gun
Toy Story 4
Tremors
Valkyrie
Vanilla Sky
Wall Street
 
Answer Stats
Answer % Correct
Top Gun
79%
Mission: Impossible
77%
A Few Good Men
63%
Jack Reacher
59%
Jerry Maguire
58%
Eyes Wide Shut
57%
Rain Man
57%
Edge of Tomorrow
55%
The Last Samurai
52%
Minority Report
51%
Vanilla Sky
48%
Born on the Fourth of July
46%
Interview with the Vampire
45%
Cocktail
44%
Days of Thunder
44%
Collateral
41%
Risky Business
41%
Valkyrie
38%
Magnolia
36%
The Firm
35%
Knight and Day
33%
The Color of Money
31%
No matching quizzes found
Score Distribution
Percent of People with Each Score
Percentile by Number Answered
Your Score History
You have not taken this quiz since the last reset